Plant adaptation and crop improvement

The book considers theoretical and applied aspects of analysing plant adaptation in multi-environment experiments, how information on plant adaptation can be used in plant breeding programs, selection for plant adaptation, Genotype by Environment (GxE) interactions in plant breeding, methodologies f...

Volledige beschrijving

Bewaard in:
Bibliografische gegevens
Hoofdauteur: IRRI
Formaat: Boek
Taal:Undetermined
Gepubliceerd in: Manila, Philippines IRRI 1996
Onderwerpen:
Tags: Voeg label toe
Geen labels, Wees de eerste die dit record labelt!
Thư viện lưu trữ: Trung tâm Học liệu Trường Đại học Cần Thơ
LEADER 01054nam a2200193Ia 4500
001 CTU_30231
008 210402s9999 xx 000 0 und d
082 |a 631 
082 |b P713 
100 |a IRRI 
245 0 |a Plant adaptation and crop improvement 
245 0 |c IRRI 
260 |a Manila, Philippines 
260 |b IRRI 
260 |c 1996 
520 |a The book considers theoretical and applied aspects of analysing plant adaptation in multi-environment experiments, how information on plant adaptation can be used in plant breeding programs, selection for plant adaptation, Genotype by Environment (GxE) interactions in plant breeding, methodologies for interpreting the causes of GxE interactions, case studies on how to accommodate the effects of GxE interactions, research strategies for understanding GxE interactions and differences in plant adapttation, and other topics related to crop improvement 
650 |a crops - improvement,plants - adaptation 
904 |i Minh, 990508 
980 |a Trung tâm Học liệu Trường Đại học Cần Thơ